[Event "DSJ Weihnachtsturnier U20 2020"]
[Site "https://play.chessbase.com/en/play?room=DSJWeihnachtU20"]
[Date "2020.12.29"]
[Round "4"]
[White "Haufe, Laurin"]
[Black "Biastoch, Bennet"]
[Result "0-1"]
[Termination "normal"]
[Board "5.3"]
[BlackTitle "FM"]
[WhiteElo "2052"]
[BlackElo "2266"]
[WhiteTeam "Schachgemeinschaft Leipzig"]
[BlackTeam "SG Aufbau Elbe Magdeburg"]
[PlyCount "46"]
[WhiteFideId "12976504"]
[BlackFideId "12939889"]
[EventRounds "7"]
[EventType "team-swiss"]
[EventDate "2020.12.29"]

1. e4 {[%emt 0:00:08]} c5 {[%emt 0:00:02]} 2. Nf3 {[%emt 0:00:02]} d6 {[%emt
0:00:01]} 3. d4 {[%emt 0:00:01]} cxd4 {[%emt 0:00:00]} 4. Nxd4 {[%emt 0:00:00]}
Nf6 {[%emt 0:00:01]} 5. Nc3 {[%emt 0:00:01]} a6 {[%emt 0:00:00]} 6. Bg5 { [%emt
0:00:02]} Nbd7 {[%emt 0:00:01]} 7. f4 {[%emt 0:00:01]} h6 {[%emt 0:00:01] } 8.
Bxf6 {[%emt 0:00:08]} Nxf6 {[%emt 0:00:06]} 9. Be2 {[%emt 0:00:07]} Qb6 { [%emt
0:01:00]} 10. Nb3 {[%emt 0:00:12]} g6 {[%emt 0:00:13]} 11. Qd2 {[%emt 0:00:45]}
Bg7 {[%emt 0:00:06]} 12. O-O-O {[%emt 0:00:05]} Be6 {[%emt 0:00:55]} 13. h3
{[%emt 0:00:30]} Rc8 {[%emt 0:00:27]} 14. g4 {[%emt 0:00:16]} Bxb3 { [%emt
0:00:39]} 15. axb3 {[%emt 0:00:05]} O-O {[%emt 0:00:04]} 16. Kb1 { [%emt
0:00:37]} Rxc3 {[%emt 0:00:17]} 17. Qxc3 {[%emt 0:00:15]} Nxe4 {[%emt 0:00:02]}
18. Qc4 {[%emt 0:00:52]} Nf2 {[%emt 0:00:08]} 19. Bf3 {[%emt 0:00:10]} Nxh1
{[%emt 0:00:10]} 20. Bxh1 {[%emt 0:00:00]} Qe3 {[%emt 0:00:22]} 21. Bxb7 {
[%emt 0:00:18]} Qxh3 {[%emt 0:00:17]} 22. g5 {[%emt 0:00:01]} Qg4 {[%emt
0:00:15]} 23. Bxa6 {[%emt 0:01:16]} Qxd1+ {[%emt 0:00:03] SGLeipz1-003 gibt
auf} 0-1

[Event "DSJ Weihnachtsturnier U20 2020"]
[Site "https://play.chessbase.com/en/play?room=DSJWeihnachtU20"]
[Date "2020.12.29"]
[Round "4"]
[White "Hoffmann, Lennard"]
[Black "Knüpfer, Tim"]
[Result "0-1"]
[Termination "normal"]
[Board "5.4"]
[WhiteElo "2022"]
[BlackElo "1885"]
[WhiteTeam "SG Aufbau Elbe Magdeburg"]
[BlackTeam "Schachgemeinschaft Leipzig"]
[PlyCount "122"]
[WhiteFideId "12943495"]
[BlackFideId "16217489"]
[EventRounds "7"]
[EventType "team-swiss"]
[EventDate "2020.12.29"]

1. e4 {[%emt 0:00:03]} c5 {[%emt 0:00:02]} 2. Nf3 {[%emt 0:00:02]} d6 {[%emt
0:00:01]} 3. d4 {[%emt 0:00:01]} cxd4 {[%emt 0:00:00]} 4. Nxd4 {[%emt 0:00:01]}
Nf6 {[%emt 0:00:01]} 5. Nc3 {[%emt 0:00:01]} g6 {[%emt 0:00:01]} 6. Be3 { [%emt
0:00:03]} Bg7 {[%emt 0:00:01]} 7. f3 {[%emt 0:00:01]} O-O {[%emt 0:00:01] } 8.
Qd2 {[%emt 0:00:01]} Nc6 {[%emt 0:00:01]} 9. g4 {[%emt 0:00:08]} Nxd4 { [%emt
0:00:04]} 10. Bxd4 {[%emt 0:00:02]} Be6 {[%emt 0:00:01]} 11. h4 {[%emt
0:00:08]} Qa5 {[%emt 0:00:18]} 12. g5 {[%emt 0:00:28]} Nh5 {[%emt 0:01:46]} 13.
Bxg7 {[%emt 0:00:04]} Kxg7 {[%emt 0:00:01]} 14. Nd5 {[%emt 0:00:46]} Qxd2+ {
[%emt 0:00:05]} 15. Kxd2 {[%emt 0:00:03]} Bxd5 {[%emt 0:00:04]} 16. exd5 {
[%emt 0:00:03]} e5 {[%emt 0:00:20]} 17. dxe6 {[%emt 0:00:24]} fxe6 {[%emt
0:00:02]} 18. Be2 {[%emt 0:00:06]} Ng3 {[%emt 0:03:02]} 19. Rh3 {[%emt
0:00:15]} Nxe2 {[%emt 0:00:02]} 20. Kxe2 {[%emt 0:00:00]} Rf4 {[%emt 0:00:01]}
21. Rah1 { [%emt 0:00:10]} h5 {[%emt 0:01:18]} 22. gxh6+ {[%emt 0:00:07]} Kxh6
{[%emt 0:00:01]} 23. h5 {[%emt 0:00:05]} g5 {[%emt 0:00:01]} 24. Rg3 {[%emt
0:00:02]} Raf8 {[%emt 0:00:14]} 25. Rhg1 {[%emt 0:00:02]} R8f5 {[%emt 0:00:02]}
26. Rd1 { [%emt 0:00:11]} d5 {[%emt 0:00:03]} 27. Rh1 {[%emt 0:00:04]} Rh4
{[%emt 0:00:05]} 28. Rgh3 {[%emt 0:00:17]} Kxh5 {[%emt 0:00:03]} 29. Rxh4+
{[%emt 0:00:05]} gxh4 {[%emt 0:00:01]} 30. Rh3 {[%emt 0:00:01]} Rf6 {[%emt
0:00:07]} 31. Ke3 { [%emt 0:00:07]} e5 {[%emt 0:00:04]} 32. c3 {[%emt 0:00:02]}
Kg5 {[%emt 0:00:04] } 33. a4 {[%emt 0:00:03]} a5 {[%emt 0:00:08]} 34. Rh1
{[%emt 0:00:10]} Rb6 { [%emt 0:00:06]} 35. Rh2 {[%emt 0:00:03]} Rh6 {[%emt
0:00:05]} 36. Kf2 {[%emt 0:00:08]} Kf4 {[%emt 0:00:02]} 37. Rh1 {[%emt
0:00:04]} h3 {[%emt 0:00:02]} 38. Rd1 {[%emt 0:00:11]} h2 {[%emt 0:00:05]} 39.
Rh1 {[%emt 0:00:02]} e4 {[%emt 0:00:10]} 40. fxe4 {[%emt 0:00:04]} Kxe4 {[%emt
0:00:01]} 41. Kg2 {[%emt 0:00:01] } Kd3 {[%emt 0:00:05]} 42. b4 {[%emt
0:00:12]} axb4 {[%emt 0:00:07]} 43. cxb4 { [%emt 0:00:01]} Kc4 {[%emt 0:00:01]}
44. b5 {[%emt 0:00:02]} Kb4 {[%emt 0:00:03]} 45. Rb1+ {[%emt 0:00:02]} Kxa4
{[%emt 0:00:03]} 46. Kh1 {[%emt 0:00:00]} Rb6 {[%emt 0:00:20]} 47. Kxh2 {[%emt
0:00:14]} Rxb5 {[%emt 0:00:04]} 48. Ra1+ { [%emt 0:00:01]} Kb4 {[%emt 0:00:02]}
49. Rb1+ {[%emt 0:00:01]} Kc4 {[%emt 0:00:01]} 50. Rc1+ {[%emt 0:00:01]} Kd3
{[%emt 0:00:02]} 51. Kg3 {[%emt 0:00:03]} Kd2 {[%emt 0:00:08]} 52. Rc7 {[%emt
0:00:06]} d4 {[%emt 0:00:01]} 53. Kf2 { [%emt 0:00:04]} d3 {[%emt 0:00:03]} 54.
Rh7 {[%emt 0:00:09]} Rb3 {[%emt 0:00:12]} 55. Kf1 {[%emt 0:00:07]} b5 {[%emt
0:00:14]} 56. Rh2+ {[%emt 0:00:12]} Kc1 {[%emt 0:00:03]} 57. Ke1 {[%emt
0:00:04]} d2+ {[%emt 0:00:19]} 58. Rxd2 { [%emt 0:00:05]} Re3+ {[%emt 0:00:02]}
59. Re2 {[%emt 0:00:00]} Rxe2+ {[%emt 0:00:01]} 60. Kxe2 {[%emt 0:00:00]} b4
{[%emt 0:00:03]} 61. Kd3 {[%emt 0:00:01]} b3 {[%emt 0:00:01] Elbe-MD004 gibt
auf} 0-1

[Event "DSJ Weihnachtsturnier U20 2020"]
[Site "https://play.chessbase.com/en/play?room=DSJWeihnachtU20"]
[Date "2020.12.29"]
[Round "4"]
[White "Martin, Julian"]
[Black "Boder, Jan"]
[Result "1/2-1/2"]
[Termination "normal"]
[Board "6.1"]
[WhiteTitle "IM"]
[WhiteElo "2387"]
[BlackElo "2146"]
[WhiteTeam "OSG Baden-Baden"]
[BlackTeam "SC ML Kastellaun"]
[PlyCount "219"]
[WhiteFideId "12941000"]
[BlackFideId "16243226"]
[EventRounds "7"]
[EventType "team-swiss"]
[EventDate "2020.12.29"]

1. e4 {[%emt 0:00:06]} c5 {[%emt 0:00:02]} 2. Nf3 {[%emt 0:00:01]} g6 {[%emt
0:00:08]} 3. c4 {[%emt 0:00:03]} Nc6 {[%emt 0:00:05]} 4. d4 {[%emt 0:00:03]}
cxd4 {[%emt 0:00:00]} 5. Nxd4 {[%emt 0:00:02]} Nf6 {[%emt 0:00:01]} 6. Nc3
{[%emt 0:00:02]} d6 {[%emt 0:00:02]} 7. Be2 {[%emt 0:00:02]} Nxd4 {[%emt
0:00:02]} 8. Qxd4 {[%emt 0:00:02]} Bg7 {[%emt 0:00:00]} 9. Be3 {[%emt 0:00:04]}
O-O { [%emt 0:00:02]} 10. Qd2 {[%emt 0:00:02]} a5 {[%emt 0:00:03]} 11. O-O
{[%emt 0:00:01]} a4 {[%emt 0:00:03]} 12. Bh6 {[%emt 0:00:13]} Bxh6 {[%emt
0:00:20]} 13. Qxh6 {[%emt 0:00:03]} Qa5 {[%emt 0:00:00]} 14. Rad1 {[%emt
0:00:17]} Be6 { [%emt 0:00:13]} 15. Nd5 {[%emt 0:00:15]} Bxd5 {[%emt 0:00:25]}
16. exd5 { [%emt 0:00:01]} Qb4 {[%emt 0:01:41]} 17. Qd2 {[%emt 0:00:03]} Qxd2
{[%emt 0:00:09]} 18. Rxd2 {[%emt 0:00:02]} Ne4 {[%emt 0:00:01]} 19. Rd4 {[%emt
0:00:02]} Nc5 {[%emt 0:00:02]} 20. Bf3 {[%emt 0:00:03]} Rfe8 {[%emt 0:00:03]}
21. Re1 { [%emt 0:00:05]} b6 {[%emt 0:00:09]} 22. h4 {[%emt 0:00:07]} Kg7
{[%emt 0:00:39] } 23. Rd2 {[%emt 0:00:04]} Rac8 {[%emt 0:00:49]} 24. Rb1 {[%emt
0:00:07]} Na6 { [%emt 0:00:12]} 25. Bd1 {[%emt 0:00:25]} Nc5 {[%emt 0:00:30]}
26. Re2 {[%emt 0:00:36]} Ra8 {[%emt 0:00:07]} 27. b3 {[%emt 0:00:05]} axb3
{[%emt 0:00:05]} 28. axb3 {[%emt 0:00:00]} Ra3 {[%emt 0:01:25]} 29. b4 {[%emt
0:00:14]} Nd7 { [%emt 0:00:01]} 30. Rc1 {[%emt 0:00:07]} Kf6 {[%emt 0:00:04]}
31. f4 {[%emt 0:00:10]} h5 {[%emt 0:00:05]} 32. Re4 {[%emt 0:00:19]} Rea8
{[%emt 0:00:08]} 33. Bf3 {[%emt 0:00:58]} R8a4 {[%emt 0:00:23]} 34. Rce1 {[%emt
0:00:11]} Ra1 { [%emt 0:00:09]} 35. Rxe7 {[%emt 0:00:05]} Rxe1+ {[%emt
0:00:03]} 36. Rxe1 { [%emt 0:00:02]} Rxb4 {[%emt 0:00:00]} 37. Be2 {[%emt
0:00:05]} Nc5 {[%emt 0:00:18]} 38. Bf1 {[%emt 0:00:03]} Rb2 {[%emt 0:00:34]}
39. g3 {[%emt 0:00:05]} Nb3 {[%emt 0:00:07]} 40. Re8 {[%emt 0:00:10]} Nd4
{[%emt 0:00:07]} 41. Bg2 { [%emt 0:00:08]} Rc2 {[%emt 0:00:13]} 42. Rb8 {[%emt
0:00:03]} Rxc4 {[%emt 0:00:04]} 43. Rxb6 {[%emt 0:00:02]} Nf5 {[%emt 0:00:01]}
44. Kh2 {[%emt 0:00:04]} Rc3 {[%emt 0:00:01]} 45. Bh3 {[%emt 0:00:05]} Rc2+
{[%emt 0:00:03]} 46. Kg1 { [%emt 0:00:02]} Nxg3 {[%emt 0:00:31]} 47. Rxd6+
{[%emt 0:00:02]} Ke7 {[%emt 0:00:00]} 48. Rd7+ {[%emt 0:00:02]} Ke8 {[%emt
0:00:01]} 49. Ra7 {[%emt 0:00:01]} Rd2 {[%emt 0:00:09]} 50. Bd7+ {[%emt
0:00:19]} Kf8 {[%emt 0:00:18]} 51. Bc6 { [%emt 0:00:01]} Ne2+ {[%emt 0:00:03]}
52. Kf2 {[%emt 0:00:01]} Nxf4+ {[%emt 0:00:00]} 53. Ke3 {[%emt 0:00:01]} Rxd5
{[%emt 0:00:11] Kastell1-001 bietet Remis } 54. Kxf4 {[%emt 0:00:06]} Rd4+
{[%emt 0:00:03]} 55. Kg3 {[%emt 0:00:08]} Rg4+ {[%emt 0:00:05]} 56. Kh3 {[%emt
0:00:02]} Kg7 {[%emt 0:00:02]} 57. Bd5 { [%emt 0:00:02]} Rf4 {[%emt 0:00:01]}
58. Kg3 {[%emt 0:00:01]} Rf6 {[%emt 0:00:02]} 59. Be4 {[%emt 0:00:04]} Rf1
{[%emt 0:00:03]} 60. Ra5 {[%emt 0:00:04]} Rf6 {[%emt 0:00:09]} 61. Bf3 {[%emt
0:00:02]} Rb6 {[%emt 0:00:06]} 62. Rg5 { [%emt 0:00:01]} Kh6 {[%emt 0:00:03]}
63. Bd5 {[%emt 0:00:02]} Kg7 {[%emt 0:00:02]} 64. Re5 {[%emt 0:00:01]} Rf6
{[%emt 0:00:02]} 65. Re7 {[%emt 0:00:01]} Rf5 {[%emt 0:00:01]} 66. Be4 {[%emt
0:00:01]} Rf1 {[%emt 0:00:01]} 67. Bf3 { [%emt 0:00:01]} Ra1 {[%emt 0:00:09]}
68. Be2 {[%emt 0:00:08]} Ra3+ {[%emt 0:00:03]} 69. Kf4 {[%emt 0:00:03]} Ra4+
{[%emt 0:00:01]} 70. Kg3 {[%emt 0:00:02]} Ra3+ {[%emt 0:00:01]} 71. Bf3 {[%emt
0:00:01]} Ra6 {[%emt 0:00:03]} 72. Re5 { [%emt 0:00:06]} Re6 {[%emt 0:00:05]}
73. Rg5 {[%emt 0:00:03]} Kh6 {[%emt 0:00:06]} 74. Bg2 {[%emt 0:00:05]} Re3+
{[%emt 0:00:02]} 75. Kf4 {[%emt 0:00:02]} Ra3 {[%emt 0:00:01]} 76. Ke5 {[%emt
0:00:42]} Ra4 {[%emt 0:00:21]} 77. Be4 { [%emt 0:00:20]} f6+ {[%emt 0:00:07]}
78. Kxf6 {[%emt 0:00:02]} Rxe4 {[%emt 0:00:01]} 79. Rxg6+ {[%emt 0:00:01]} Kh7
{[%emt 0:00:00]} 80. Rg7+ {[%emt 0:00:05]} Kh6 {[%emt 0:00:01]} 81. Rg8 {[%emt
0:00:22]} Kh7 {[%emt 0:00:02]} 82. Rg7+ {[%emt 0:00:06]} Kh6 {[%emt 0:00:01]}
83. Rg8 {[%emt 0:00:08]} Rf4+ { [%emt 0:00:01]} 84. Ke5 {[%emt 0:00:01]} Rxh4
{[%emt 0:00:01]} 85. Kf5 { [%emt 0:00:01]} Rh1 {[%emt 0:00:03]} 86. Ra8 {[%emt
0:00:04]} Rf1+ {[%emt 0:00:01]} 87. Ke4 {[%emt 0:00:01]} Kg5 {[%emt 0:00:01]}
88. Rg8+ {[%emt 0:00:02]} Kh4 {[%emt 0:00:01]} 89. Ke3 {[%emt 0:00:01]} Kh3
{[%emt 0:00:02]} 90. Ke2 { [%emt 0:00:01]} Rf7 {[%emt 0:00:01]} 91. Ke3 {[%emt
0:00:04]} h4 {[%emt 0:00:01]} 92. Ke2 {[%emt 0:00:01]} Kh2 {[%emt 0:00:01]} 93.
Ke1 {[%emt 0:00:02]} h3 {[%emt 0:00:01]} 94. Ke2 {[%emt 0:00:02]} Rf6 {[%emt
0:00:04]} 95. Ke1 { [%emt 0:00:02]} Rf3 {[%emt 0:00:01] Baden1-001 bietet
Remis} 96. Ke2 {[%emt 0:00:04]} Rg3 {[%emt 0:00:01]} 97. Rf8 {[%emt 0:00:01]}
Kg2 {[%emt 0:00:12]} 98. Rf2+ {[%emt 0:00:02]} Kh1 {[%emt 0:00:01]} 99. Rf8
{[%emt 0:00:03]} h2 { [%emt 0:00:05]} 100. Kf2 {[%emt 0:00:03]} Rg2+ {[%emt
0:00:03]} 101. Kf1 { [%emt 0:00:03]} Rg7 {[%emt 0:00:02]} 102. Rf5 {[%emt
0:00:04]} Ra7 {[%emt 0:00:01]} 103. Kf2 {[%emt 0:00:01]} Ra2+ {[%emt 0:00:02]}
104. Kf1 {[%emt 0:00:02]} Rb2 {[%emt 0:00:01]} 105. Rf8 {[%emt 0:00:04]} Rb1+
{[%emt 0:00:01]} 106. Kf2 { [%emt 0:00:01]} Rg1 {[%emt 0:00:03]} 107. Rf7
{[%emt 0:00:02]} Rb1 {[%emt 0:00:02]} 108. Rf8 {[%emt 0:00:02]} Rc1 {[%emt
0:00:01]} 109. Rf7 {[%emt 0:00:02]} Rb1 {[%emt 0:00:01]} 110. Rf8 {[%emt
0:00:02]} 1/2-1/2

[Event "DSJ Weihnachtsturnier U20 2020"]
[Site "https://play.chessbase.com/en/play?room=DSJWeihnachtU20"]
[Date "2020.12.29"]
[Round "4"]
[White "Ohler, Julius"]
[Black "Schmider, Niklas"]
[Result "0-1"]
[Termination "normal"]
[Board "6.2"]
[BlackTitle "FM"]
[WhiteElo "2010"]
[BlackElo "2303"]
[WhiteTeam "SC ML Kastellaun"]
[BlackTeam "OSG Baden-Baden"]
[PlyCount "76"]
[WhiteFideId "16238982"]
[BlackFideId "12993778"]
[EventRounds "7"]
[EventType "team-swiss"]
[EventDate "2020.12.29"]

1. d4 {[%emt 0:00:12]} Nf6 {[%emt 0:00:13]} 2. c4 {[%emt 0:00:11]} g6 {[%emt
0:00:06]} 3. Nc3 {[%emt 0:00:02]} d5 {[%emt 0:00:02]} 4. cxd5 {[%emt 0:00:02]}
Nxd5 {[%emt 0:00:00]} 5. e4 {[%emt 0:00:01]} Nxc3 {[%emt 0:00:01]} 6. bxc3 {
[%emt 0:00:01]} Bg7 {[%emt 0:00:01]} 7. Nf3 {[%emt 0:00:01]} c5 {[%emt 0:00:02]
} 8. Be2 {[%emt 0:00:01]} O-O {[%emt 0:00:07]} 9. O-O {[%emt 0:00:02]} Qa5 {
[%emt 0:00:04]} 10. Qb3 {[%emt 0:00:03]} Nc6 {[%emt 0:00:32]} 11. Be3 {[%emt
0:00:03]} b6 {[%emt 0:00:23]} 12. Rfd1 {[%emt 0:00:13]} Ba6 {[%emt 0:00:39]}
13. Bxa6 {[%emt 0:00:15]} Qxa6 {[%emt 0:00:00]} 14. Rac1 {[%emt 0:01:13]} Na5 {
[%emt 0:00:10]} 15. Qc2 {[%emt 0:00:09]} Nc4 {[%emt 0:00:08]} 16. Nd2 {[%emt
0:00:03]} Nxe3 {[%emt 0:00:06]} 17. fxe3 {[%emt 0:00:02]} Rac8 {[%emt 0:00:19]}
18. Nf3 {[%emt 0:00:16]} Bh6 {[%emt 0:00:10]} 19. Qf2 {[%emt 0:00:27]} Qa3 {
[%emt 0:00:14]} 20. Rc2 {[%emt 0:00:15]} cxd4 {[%emt 0:00:10]} 21. exd4 { [%emt
0:00:03]} Rxc3 {[%emt 0:00:08]} 22. Rxc3 {[%emt 0:00:15]} Qxc3 {[%emt 0:00:00]}
23. Kh1 {[%emt 0:00:01]} Rc8 {[%emt 0:00:51]} 24. h4 {[%emt 0:00:28]} Qc2
{[%emt 0:00:09]} 25. Qf1 {[%emt 0:00:51]} Qxe4 {[%emt 0:00:16]} 26. Re1 { [%emt
0:00:15]} Qg4 {[%emt 0:00:28]} 27. Rxe7 {[%emt 0:00:23]} Rc1 {[%emt 0:00:15]}
28. Re1 {[%emt 0:00:03]} Qf4 {[%emt 0:00:46]} 29. Kg1 {[%emt 0:00:56]} Qe3+
{[%emt 0:00:15]} 30. Kh1 {[%emt 0:00:12]} Rxe1 {[%emt 0:00:12]} 31. Qxe1 {
[%emt 0:00:01]} Qxe1+ {[%emt 0:00:05]} 32. Nxe1 {[%emt 0:00:00]} Kf8 {[%emt
0:00:02]} 33. Nd3 {[%emt 0:00:01]} Bg7 {[%emt 0:00:02]} 34. d5 {[%emt 0:00:06]}
Ke7 {[%emt 0:00:01]} 35. Nb4 {[%emt 0:00:04]} Kd6 {[%emt 0:00:02]} 36. Nc6 {
[%emt 0:00:01]} a5 {[%emt 0:00:10]} 37. Nd8 {[%emt 0:00:04]} f5 {[%emt 0:00:36]
} 38. Ne6 {[%emt 0:00:06]} Bh6 {[%emt 0:00:14]} 0-1

[Event "DSJ Weihnachtsturnier U20 2020"]
[Site "https://play.chessbase.com/en/play?room=DSJWeihnachtU20"]
[Date "2020.12.29"]
[Round "4"]
[White "Doll, Alexander"]
[Black "Michels, Fabio"]
[Result "1-0"]
[Termination "normal"]
[Board "6.3"]
[WhiteElo "2136"]
[BlackElo "1865"]
[WhiteTeam "OSG Baden-Baden"]
[BlackTeam "SC ML Kastellaun"]
[PlyCount "67"]
[WhiteFideId "16228294"]
[BlackFideId "16223780"]
[EventRounds "7"]
[EventType "team-swiss"]
[EventDate "2020.12.29"]

1. e4 {[%emt 0:00:08]} c5 {[%emt 0:00:04]} 2. Nf3 {[%emt 0:00:18]} Nc6 { [%emt
0:00:02]} 3. d4 {[%emt 0:00:02]} cxd4 {[%emt 0:00:00]} 4. Nxd4 {[%emt 0:00:01]}
g6 {[%emt 0:00:02]} 5. c4 {[%emt 0:00:02]} Bg7 {[%emt 0:00:01]} 6. Be3 {[%emt
0:00:01]} Nf6 {[%emt 0:00:08]} 7. Nc3 {[%emt 0:00:01]} d6 {[%emt 0:00:14]} 8.
Be2 {[%emt 0:00:03]} O-O {[%emt 0:00:03]} 9. O-O {[%emt 0:00:03]} Bd7 { [%emt
0:00:29]} 10. h3 {[%emt 0:00:05]} Rc8 {[%emt 0:00:06]} 11. Qc2 {[%emt 0:00:25]}
a6 {[%emt 0:00:39]} 12. Rad1 {[%emt 0:00:28]} Ne5 {[%emt 0:00:21]} 13. b3
{[%emt 0:00:34]} Qa5 {[%emt 0:00:08]} 14. f4 {[%emt 0:00:22]} Nc6 {[%emt
0:00:06]} 15. Qd2 {[%emt 0:01:12]} Nxd4 {[%emt 0:00:15]} 16. Bxd4 {[%emt
0:00:06] } Bc6 {[%emt 0:00:33]} 17. Bf3 {[%emt 0:00:41]} e5 {[%emt 0:01:16]}
18. Be3 { [%emt 0:00:34]} Rfe8 {[%emt 0:00:38]} 19. f5 {[%emt 0:00:36]} gxf5
{[%emt 0:00:47]} 20. exf5 {[%emt 0:00:04]} e4 {[%emt 0:00:02]} 21. Nxe4 {[%emt
0:00:17]} Qxd2 {[%emt 0:00:06]} 22. Nxf6+ {[%emt 0:00:03]} Bxf6 {[%emt
0:00:04]} 23. Bxd2 {[%emt 0:00:01]} Bxf3 {[%emt 0:00:15]} 24. Rxf3 {[%emt
0:00:02]} Re2 {[%emt 0:00:10]} 25. Kf1 {[%emt 0:00:15]} Rce8 {[%emt 0:00:02]}
26. Re1 {[%emt 0:00:04]} R2e5 {[%emt 0:00:43]} 27. Rxe5 {[%emt 0:00:29]} dxe5
{[%emt 0:00:07]} 28. g4 { [%emt 0:00:26]} e4 {[%emt 0:00:36]} 29. Re3 {[%emt
0:00:10]} Bg5 {[%emt 0:00:04]} 30. Re2 {[%emt 0:00:03]} e3 {[%emt 0:00:07]} 31.
h4 {[%emt 0:00:13]} Bf4 { [%emt 0:00:11]} 32. Kg2 {[%emt 0:00:20]} Kg7 {[%emt
0:00:06]} 33. Bc3+ { [%emt 0:00:05]} f6 {[%emt 0:00:15]} 34. Kf3 {[%emt
0:00:05] Kastell1-003 gibt auf} 1-0

[Event "DSJ Weihnachtsturnier U20 2020"]
[Site "https://play.chessbase.com/en/play?room=DSJWeihnachtU20"]
[Date "2020.12.29"]
[Round "4"]
[White "Hoffmann, Tom"]
[Black "Chernykh, Arkady"]
[Result "1/2-1/2"]
[Termination "normal"]
[Board "6.4"]
[WhiteElo "1296"]
[BlackElo "2125"]
[WhiteTeam "SC ML Kastellaun"]
[BlackTeam "OSG Baden-Baden"]
[PlyCount "133"]
[WhiteFideId "16288726"]
[BlackFideId "12989436"]
[EventRounds "7"]
[EventType "team-swiss"]
[EventDate "2020.12.29"]

1. Nf3 {[%emt 0:00:09]} Nf6 {[%emt 0:00:06]} 2. g3 {[%emt 0:00:04]} g6 { [%emt
0:00:04]} 3. Bg2 {[%emt 0:00:04]} Bg7 {[%emt 0:00:01]} 4. d4 {[%emt 0:00:01]}
O-O {[%emt 0:00:02]} 5. c4 {[%emt 0:00:02]} c6 {[%emt 0:00:01]} 6. Nc3 { [%emt
0:00:05]} d5 {[%emt 0:00:01]} 7. cxd5 {[%emt 0:00:39]} cxd5 {[%emt 0:00:04]} 8.
O-O {[%emt 0:00:01]} Nc6 {[%emt 0:00:03]} 9. Bf4 {[%emt 0:00:03]} a6 { [%emt
0:00:03]} 10. Ne5 {[%emt 0:00:40]} Bf5 {[%emt 0:00:29]} 11. e3 {[%emt 0:00:28]}
Rc8 {[%emt 0:00:07]} 12. Qb3 {[%emt 0:00:42]} Na5 {[%emt 0:00:09]} 13. Qb4
{[%emt 0:00:08]} Ne4 {[%emt 0:00:28]} 14. Nxe4 {[%emt 0:00:15]} Bxe4 { [%emt
0:00:08]} 15. Bxe4 {[%emt 0:00:26]} dxe4 {[%emt 0:00:02]} 16. Rac1 { [%emt
0:00:02]} Qd5 {[%emt 0:00:40]} 17. Qxe7 {[%emt 0:00:41]} Qxa2 {[%emt 0:00:36]}
18. Rxc8 {[%emt 0:00:45]} Rxc8 {[%emt 0:00:07]} 19. b4 {[%emt 0:00:08]} Bxe5
{[%emt 0:01:03]} 20. Bxe5 {[%emt 0:00:53]} Nc6 {[%emt 0:00:24]} 21. Qxb7 {
[%emt 0:00:04]} Qe6 {[%emt 0:00:02]} 22. d5 {[%emt 0:00:32]} Nd8 {[%emt
0:01:09]} 23. dxe6 {[%emt 0:00:33]} Nxb7 {[%emt 0:00:03]} 24. e7 {[%emt
0:00:01]} f5 {[%emt 0:00:22]} 25. Rd1 {[%emt 0:00:19]} Kf7 {[%emt 0:00:34]} 26.
Rd7 { [%emt 0:00:05]} Ke6 {[%emt 0:00:10]} 27. Rxb7 {[%emt 0:00:32]} Kxe5
{[%emt 0:00:02]} 28. Rb6 {[%emt 0:00:25]} Re8 {[%emt 0:00:19]} 29. Rxa6 {[%emt
0:00:01]} Rxe7 {[%emt 0:00:01]} 30. Kh1 {[%emt 0:00:04]} Rb7 {[%emt 0:00:06]}
31. Ra4 { [%emt 0:00:07]} Kd5 {[%emt 0:00:04]} 32. Kg2 {[%emt 0:00:10]} Kc4
{[%emt 0:00:05]} 33. h3 {[%emt 0:00:21]} Kb3 {[%emt 0:00:07]} 34. Ra8 {[%emt
0:00:05]} Kxb4 {[%emt 0:00:02]} 35. g4 {[%emt 0:00:04]} Rf7 {[%emt 0:00:10]}
36. Kg3 {[%emt 0:00:11]} Kc4 {[%emt 0:00:12]} 37. Rd8 {[%emt 0:00:05]} Kc5
{[%emt 0:00:18]} 38. gxf5 {[%emt 0:00:21]} Rxf5 {[%emt 0:00:04]} 39. Rd7 {[%emt
0:00:02]} h5 { [%emt 0:00:03]} 40. Rg7 {[%emt 0:00:04]} g5 {[%emt 0:00:13]} 41.
Rh7 {[%emt 0:00:09]} Rf3+ {[%emt 0:00:19]} 42. Kg2 {[%emt 0:00:09]} h4 {[%emt
0:00:02]} 43. Rd7 {[%emt 0:00:15]} Rf5 {[%emt 0:00:10]} 44. Rd4 {[%emt
0:00:15]} Re5 { [%emt 0:00:01]} 45. f3 {[%emt 0:00:04]} exf3+ {[%emt 0:00:05]}
46. Kxf3 { [%emt 0:00:01]} Kc6 {[%emt 0:00:19]} 47. Re4 {[%emt 0:00:02]} Rb5
{[%emt 0:00:19]} 48. Kg4 {[%emt 0:00:02]} Kd5 {[%emt 0:00:08]} 49. Rd4+ {[%emt
0:00:02]} Ke6 {[%emt 0:00:05]} 50. Kh5 {[%emt 0:00:01]} Kf6 {[%emt 0:00:09]}
51. Rg4 { [%emt 0:00:02] Kastell1-004 bietet Remis} Re5 {[%emt 0:00:14]} 52. e4
{[%emt 0:00:02]} Ra5 {[%emt 0:00:30]} 53. Kh6 {[%emt 0:00:01]} Ra8 {[%emt
0:00:07]} 54. e5+ {[%emt 0:00:04]} Kxe5 {[%emt 0:00:10]} 55. Rxg5+ {[%emt
0:00:00]} Kf6 { [%emt 0:00:05]} 56. Kh5 {[%emt 0:00:01]} Rh8+ {[%emt 0:00:07]}
57. Kg4 { [%emt 0:00:01]} Rh6 {[%emt 0:00:01]} 58. Rh5 {[%emt 0:00:03]} Rxh5
{[%emt 0:00:01]} 59. Kxh5 {[%emt 0:00:01]} Kg7 {[%emt 0:00:00]} 60. Kxh4 {[%emt
0:00:01]} Kh8 {[%emt 0:00:01]} 61. Kg5 {[%emt 0:00:00]} Kg8 {[%emt 0:00:00]}
62. Kg6 { [%emt 0:00:00]} Kh8 {[%emt 0:00:01]} 63. h4 {[%emt 0:00:00]} Kg8
{[%emt 0:00:00]} 64. h5 {[%emt 0:00:00]} Kh8 {[%emt 0:00:00]} 65. h6 {[%emt
0:00:00]} Kg8 { [%emt 0:00:00]} 66. h7+ {[%emt 0:00:00]} Kh8 {[%emt 0:00:01]}
67. Kh6 {[%emt 0:00:00]} 1/2-1/2